Les Irlandais célèbres - Statistiques

Statistiques générales
  • Ce quiz a été pris 46 fois
  • Le résultat moyen est 6 sur 24
Statistiques - réponses
Par images Réponse % Correct
Liam Neeson
67%
Saint Patrick
64%
Oscar Wilde
60%
Peter O'Toole
51%
Pierce Brosnan
51%
Stephen Roche
38%
James Joyce
36%
Sean Kelly
31%
Robert Gerard dit Bobby Sands
27%
Kenneth Branagh
24%
Eamon De Valera
22%
Michael Collins
18%
Gerard dit Gerry Adams
16%
Maureen O'Hara
16%
Daniel O'Connell
11%
Richard Harris
9%
Saint Kevin de Glendalough
9%
Martin McGuinness
7%
Patrick McGoohan
7%
Patrick Sarsfield
4%
Ronnie Drew
4%
Seamus Heaney
4%
Comte Arthur de Dillon
2%
Thomas Arthur de Lally-Tollendal
2%
Aucun quiz correspondant
Distribution des résultats
% des personnes avec chaque résultat
Percentile par nombre de réponses
Votre historique - résultats
Vous n’avez pas pris ce quiz